| 000 | 00764cam a2200253 4500 | ||
|---|---|---|---|
| 001 | 4117 | ||
| 003 | BD-RjUL | ||
| 005 | 20211208233833.0 | ||
| 008 | 131221s1962 mau b 001 0 eng | ||
| 035 | _a(BD-RjUL)4151 | ||
| 040 |
_aDLC _cDLC _dDLC _beng |
||
| 041 | _aeng | ||
| 082 | 0 | 0 |
_a341.0268 _bBII |
| 100 | 1 |
_aBishop, William W. _q(William Warner), _d1906- _913079 |
|
| 245 | 1 | 0 |
_aInternational law : cases and materials / _c[by] William W. Bishop, Jr. |
| 250 | _a3d ed. | ||
| 260 |
_aBoston : _bLittle, Brown , _cc1963. |
||
| 300 |
_axlvi, 1122 p. ; _c25 cm. |
||
| 490 | 0 | _aLaw school casebook series | |
| 504 | _aIncludes bibliographical references and index. | ||
| 650 | 0 |
_aInternational law _xCases. _913080 |
|
| 942 |
_2ddc _cBK |
||
| 999 |
_c4117 _d4117 |
||